000 00480nam a2200169 u 4500
001 000020333
005 20200929170354.0
008 100813s1995 mx a 000 0 spa d
020 _a9681647475
040 _aDO-SdBNP
_bspa
_cBNPHU
082 _axxxxxxx
_bxxxxxxx
100 1 _aKissinger, Henry
_942984
245 1 0 _aLa diplomacia /
_cHenry Kissinger.
260 _aMéxico :
_bFondo de cultura económica,
_c1995.
300 _b919 p.
_bil. ;
_c24 cm.
500 _aIncluye índices
999 _c19837
_d19837